• 首页
  • 本馆介绍
  • 公告通知
  • 最新文献
  • 馆藏检索
  • 电子资源
  • 读者导购
  • 参考咨询
  • 我的图书馆
  • 登录
  • 详细信息显示
  • 放入我的书架
  • 预约/预借图书
  • 作者相关作品
  • 分类相关作品
  • 丛书相关作品
  • 出版社相关作品

书目信息

  • 表格格式
  • 工作单格式
  • 卡片格式
题名:
人员推销
    
 
作者: 罗纳德.B.马克斯 ;郭毅 译
分册:  
出版信息: 北京   中国人民大学出版社  2001
页数: 516
开本: 26cm
丛书名: 工商管理经典译丛.市场营销系列
单 册:
中图分类: F713.1
科图分类:
主题词: 商业经济--国内
电子资源:
ISBN: 7-300-03648-1
000 00689nam0 2200217 450
001 0760515518
005 20070817164835.51
010    @a7-300-03648-1@d¥53.00
100    @a20070817d km y0chiy0120 ea
101 0  @achi
200 1  @a人员推销@Aren yuan tui xiao@f罗纳德.B.马克斯@Fluo na de.B.ma ke si@g郭毅等译@Gguo yi deng yi
210    @a北京@c中国人民大学出版社@d2001
215    @a516@d26cm
225 2  @a工商管理经典译丛.市场营销系列
410  0 @12001 @a工商管理经典译丛.市场营销系列
606 0  @a商业经济@x国内
690    @aF713.1@v3
701  0 @a罗纳德.B.马克斯@Aluo na de.B.ma ke si
702  0 @a郭毅@Aguo yi@4译
801  0 @aCN@bPFT@c20070817
905    @a213230@dF713.1@eg17@f1
    
    人员推销/罗纳德.B.马克斯/郭毅等译.-北京:中国人民大学出版社,2001
    516;26cm.-(工商管理经典译丛.市场营销系列)
    
    
    ISBN 7-300-03648-1:¥53.00
    
●
相关链接 在E读中查询图书 在五车中查询图书 在当当中查询图书 在豆瓣中查询图书


正题名:人员推销     索取号:F713.1/g17         预约/预借

序号 登录号 条形码 馆藏地/架位号 状态 备注
1 6502263   265022637   密集书库-海洋学院/ [索取号:F713.1/g17] 在馆    
唐山师范学院图书馆 欢迎您!
大连网信软件有限公司© 版权所有